[Event "Russian Championship (Rapid, Men)"]
[Site "Sochi"]
[Date "2018.10.06"]
[Round "10.1"]
[White "Artemiev, Vladislav"]
[Black "Bocharov, Ivan"]
[Result "1/2-1/2"]
[BlackElo "2668"]
[WhiteElo "2764"]
[LiveChessVersion "1.4.8"]

1. d4 {[%clk 0:15:12]} d5 {[%clk 0:15:19]} 2. Bg5 {[%clk 0:15:18]} h6
{[%clk 0:15:07]} 3. Bh4 {[%clk 0:15:27]} c6 {[%clk 0:15:11]} 4. Nf3
{[%clk 0:15:35]} Bf5 {[%clk 0:15:19]} 5. e3 {[%clk 0:15:39]} Nd7 {[%clk 0:15:11]}
6. c4 {[%clk 0:15:33]} Ngf6 {[%clk 0:13:04]} 7. Nc3 {[%clk 0:14:01]} e6
{[%clk 0:13:08]} 8. Qb3 {[%clk 0:13:25]} Qb6 {[%clk 0:13:11]} 9. Be2
{[%clk 0:13:19]} Be7 {[%clk 0:12:48]} 10. O-O {[%clk 0:13:19]} O-O
{[%clk 0:12:56]} 11. Ne5 {[%clk 0:12:46]} Rfe8 {[%clk 0:12:52]} 12. Nxd7
{[%clk 0:12:46]} Nxd7 {[%clk 0:13:00]} 13. Bxe7 {[%clk 0:12:47]} Rxe7
{[%clk 0:13:05]} 14. Qa3 {[%clk 0:12:53]} Ree8 {[%clk 0:12:41]} 15. b4
{[%clk 0:11:26]} a6 {[%clk 0:09:02]} 16. Qb3 {[%clk 0:11:08]} Qd8
{[%clk 0:07:42]} 17. a4 {[%clk 0:10:17]} Qh4 {[%clk 0:07:07]} 18. Rad1
{[%clk 0:08:57]} Nf6 {[%clk 0:05:22]} 19. Bd3 {[%clk 0:09:02]} Bxd3
{[%clk 0:05:12]} 20. Rxd3 {[%clk 0:09:10]} Rac8 {[%clk 0:04:48]} 21. h3
{[%clk 0:08:53]} Ne4 {[%clk 0:02:44]} 22. Nxe4 {[%clk 0:08:18]} Qxe4
{[%clk 0:02:53]} 23. Rc1 {[%clk 0:08:11]} Red8 {[%clk 0:02:55]} 24. c5
{[%clk 0:05:49]} e5 {[%clk 0:03:01]} 25. b5 {[%clk 0:05:33]} axb5
{[%clk 0:03:08]} 26. axb5 {[%clk 0:05:42]} Ra8 {[%clk 0:03:16]} 27. Rcd1
{[%clk 0:05:14]} Qf5 {[%clk 0:02:02]} 28. R3d2 {[%clk 0:04:45]} Re8
{[%clk 0:01:57]} 29. Qb1 {[%clk 0:03:49]} Qxb1 {[%clk 0:01:57]} 30. Rxb1
{[%clk 0:03:58]} exd4 {[%clk 0:02:06]} 31. exd4 {[%clk 0:04:07]} Ra4
{[%clk 0:02:03]} 32. f3 {[%clk 0:03:51]} Kh7 {[%clk 0:01:38]} 33. bxc6
{[%clk 0:03:36]} bxc6 {[%clk 0:01:47]} 34. Rb7 {[%clk 0:03:44]} Kg6
{[%clk 0:01:56]} 35. Rc7 {[%clk 0:03:50]} Re6 {[%clk 0:02:05]} 36. Kf2
{[%clk 0:03:43]} f5 {[%clk 0:01:56]} 37. Kg3 {[%clk 0:03:44]} Kf6
{[%clk 0:02:00]} 38. h4 {[%clk 0:03:48]} h5 {[%clk 0:01:31]} 39. Kf4
{[%clk 0:03:45]} g6 {[%clk 0:01:38]} 40. Rc8 {[%clk 0:03:06]} Rb4
{[%clk 0:01:46]} 41. Ra8 {[%clk 0:02:23]} Rc4 {[%clk 0:01:55]} 42. Rd8
{[%clk 0:01:03]} Ke7 {[%clk 0:02:04]} 43. Rd6 {[%clk 0:00:41]} Rxd6 44. cxd6+
{[%clk 0:00:51]} Kxd6 {[%clk 0:02:20]} 45. Kg5 {[%clk 0:01:00]} c5
{[%clk 0:02:27]} 46. dxc5+ {[%clk 0:01:09]} Kxc5 {[%clk 0:02:36]} 47. Kxg6
{[%clk 0:01:18]} Rxh4 {[%clk 0:02:37]} 48. Kxf5 {[%clk 0:01:27]} Rh1
{[%clk 0:02:33]} 49. Rc2+ {[%clk 0:00:22]} Kd4 {[%clk 0:02:40]} 50. g4
{[%clk 0:00:13]} 1/2-1/2

[Event "Russian Championship (Rapid, Men)"]
[Site "Sochi"]
[Date "2018.10.06"]
[Round "10.2"]
[White "Bocharov, Dmitry"]
[Black "Morozevich, Alexander"]
[Result "1-0"]
[BlackElo "2672"]
[WhiteElo "2568"]
[LiveChessVersion "1.4.8"]

1. Nf3 {[%clk 0:15:16]} d5 {[%clk 0:13:59]} 2. g3 {[%clk 0:15:23]} Nc6
{[%clk 0:13:29]} 3. d4 {[%clk 0:15:09]} Bf5 {[%clk 0:13:36]} 4. Bg2
{[%clk 0:13:47]} Nb4 {[%clk 0:13:45]} 5. Na3 {[%clk 0:13:47]} e6 {[%clk 0:13:54]}
6. O-O {[%clk 0:13:43]} h6 {[%clk 0:14:01]} 7. c3 {[%clk 0:12:19]} Na6
{[%clk 0:14:09]} 8. Qb3 {[%clk 0:12:23]} Qc8 {[%clk 0:14:04]} 9. c4
{[%clk 0:12:06]} c6 {[%clk 0:14:12]} 10. Bf4 {[%clk 0:11:59]} Nf6
{[%clk 0:14:21]} 11. Rac1 {[%clk 0:11:46]} Be7 {[%clk 0:14:13]} 12. Nb5
{[%clk 0:11:00]} Qd8 {[%clk 0:12:35]} 13. Nc3 {[%clk 0:10:59]} Qb6
{[%clk 0:12:42]} 14. Nd2 {[%clk 0:09:39]} O-O {[%clk 0:11:41]} 15. c5
{[%clk 0:09:24]} Qxb3 {[%clk 0:11:46]} 16. Nxb3 {[%clk 0:09:31]} Rfc8
{[%clk 0:11:44]} 17. a3 {[%clk 0:05:40]} g5 {[%clk 0:10:29]} 18. Bd6
{[%clk 0:04:38]} Bxd6 {[%clk 0:06:09]} 19. cxd6 {[%clk 0:04:45]} Nb8
{[%clk 0:05:39]} 20. f3 {[%clk 0:04:31]} Nbd7 {[%clk 0:02:25]} 21. e4 Bg6 22. e5
Nh7 23. Nc5 {[%clk 0:03:05]} Nhf8 {[%clk 0:02:46]} 24. Nxb7 {[%clk 0:02:12]} Rab8
{[%clk 0:02:51]} 25. Na5 {[%clk 0:02:21]} c5 {[%clk 0:02:38]} 26. dxc5
{[%clk 0:02:04]} Rxc5 {[%clk 0:02:47]} 27. b4 {[%clk 0:02:06]} Rxa5
{[%clk 0:02:57]} 28. bxa5 Nxe5 {[%clk 0:03:06]} 29. f4 {[%clk 0:01:31]} gxf4
{[%clk 0:01:51]} 30. gxf4 {[%clk 0:01:40]} Nd3 {[%clk 0:01:03]} 31. Rb1
{[%clk 0:01:23]} Rd8 {[%clk 0:00:56]} 32. f5 {[%clk 0:01:30]} Bxf5
{[%clk 0:01:06]} 33. Nxd5 {[%clk 0:01:39]} Kg7 {[%clk 0:01:15]} 34. Ne7
{[%clk 0:01:27]} Bh7 {[%clk 0:01:11]} 35. Rb7 {[%clk 0:01:34]} Rxd6
{[%clk 0:01:13]} 36. Nc8 {[%clk 0:01:17]} Rd7 {[%clk 0:01:21]} 37. Rxa7
{[%clk 0:01:23]} Rxa7 {[%clk 0:01:12]} 38. Nxa7 Nd7 39. Nc8 {[%clk 0:01:13]} N7c5
{[%clk 0:01:20]} 40. Nd6 {[%clk 0:01:14]} f5 {[%clk 0:01:26]} 41. Nb7
{[%clk 0:01:15]} Kf6 {[%clk 0:01:19]} 42. Nxc5 {[%clk 0:01:18]} Nxc5
{[%clk 0:01:28]} 43. Rc1 Nb3 44. a6 {[%clk 0:01:32]} Nxc1 {[%clk 0:01:46]} 45. a7
{[%clk 0:01:41]} 1-0

[Event "Russian Championship (Rapid, Men)"]
[Site "Sochi"]
[Date "2018.10.06"]
[Round "10.3"]
[White "Dubov, Daniil"]
[Black "Savchenko, Boris"]
[Result "1-0"]
[BlackElo "2652"]
[WhiteElo "2697"]
[LiveChessVersion "1.4.8"]

1. Nf3 {[%clk 0:15:18]} Nf6 {[%clk 0:15:14]} 2. c4 {[%clk 0:15:25]} g6
{[%clk 0:15:23]} 3. Nc3 {[%clk 0:15:30]} Bg7 {[%clk 0:15:31]} 4. e4
{[%clk 0:15:38]} c5 {[%clk 0:15:40]} 5. d4 {[%clk 0:15:43]} Qa5 {[%clk 0:15:48]}
6. Bd2 {[%clk 0:14:58]} cxd4 {[%clk 0:15:55]} 7. Nxd4 {[%clk 0:14:56]} Nc6
{[%clk 0:16:01]} 8. Nb3 {[%clk 0:14:57]} Qc7 {[%clk 0:16:06]} 9. Be2
{[%clk 0:14:25]} O-O {[%clk 0:16:03]} 10. Rc1 {[%clk 0:13:50]} b6
{[%clk 0:15:40]} 11. O-O {[%clk 0:13:48]} Bb7 {[%clk 0:15:37]} 12. Be3
{[%clk 0:13:23]} d6 {[%clk 0:14:34]} 13. f3 {[%clk 0:12:50]} Rae8
{[%clk 0:13:34]} 14. Kh1 {[%clk 0:12:39]} Nd7 {[%clk 0:13:30]} 15. Nd4
{[%clk 0:11:33]} Nxd4 {[%clk 0:11:56]} 16. Bxd4 {[%clk 0:11:40]} Bxd4
{[%clk 0:12:02]} 17. Qxd4 {[%clk 0:11:33]} Qc5 {[%clk 0:11:49]} 18. Qd2
{[%clk 0:11:29]} a5 {[%clk 0:08:42]} 19. Nd5 {[%clk 0:11:14]} e6 {[%clk 0:08:30]}
20. Nc3 {[%clk 0:11:07]} Rd8 {[%clk 0:07:14]} 21. Rfd1 {[%clk 0:10:50]} Nf6
{[%clk 0:05:21]} 22. Na4 {[%clk 0:09:58]} Qc6 {[%clk 0:05:02]} 23. b3
{[%clk 0:10:06]} e5 {[%clk 0:05:04]} 24. Rc3 {[%clk 0:09:46]} Qc7
{[%clk 0:04:56]} 25. Rd3 {[%clk 0:09:23]} Ne8 {[%clk 0:02:24]} 26. Qe3
{[%clk 0:09:11]} Bc6 {[%clk 0:01:28]} 27. Nxb6 {[%clk 0:09:07]} Ng7
{[%clk 0:01:15]} 28. Nd5 {[%clk 0:07:06]} Bxd5 {[%clk 0:01:23]} 29. Rxd5
{[%clk 0:07:11]} Ne6 {[%clk 0:01:29]} 30. Bf1 {[%clk 0:07:13]} Nc5
{[%clk 0:00:12]} 31. Qd2 {[%clk 0:07:03]} Rb8 {[%clk 0:00:12]} 32. Rxd6
{[%clk 0:07:04]} a4 {[%clk 0:00:21]} 33. b4 {[%clk 0:07:09]} Ne6 {[%clk 0:00:25]}
34. c5 {[%clk 0:07:07]} a3 {[%clk 0:00:33]} 35. Bc4 {[%clk 0:07:07]} Nd4
{[%clk 0:00:37]} 36. f4 {[%clk 0:07:12]} Nc6 {[%clk 0:00:44]} 37. Rd7
{[%clk 0:06:48]} Qc8 {[%clk 0:00:52]} 38. f5 {[%clk 0:06:42]} Rxb4
{[%clk 0:00:54]} 39. f6 {[%clk 0:06:28]} 1-0

[Event "Russian Championship (Rapid, Men)"]
[Site "Sochi"]
[Date "2018.10.06"]
[Round "10.4"]
[White "Oparin, Grigoriy"]
[Black "Tomashevsky, Evgeny"]
[Result "1/2-1/2"]
[BlackElo "2726"]
[WhiteElo "2671"]
[LiveChessVersion "1.4.8"]

1. Nf3 {[%clk 0:15:18]} d5 {[%clk 0:15:18]} 2. g3 {[%clk 0:15:26]} Nf6
{[%clk 0:15:17]} 3. Bg2 {[%clk 0:15:34]} e6 {[%clk 0:15:25]} 4. d4
{[%clk 0:15:26]} Be7 {[%clk 0:15:32]} 5. c4 {[%clk 0:15:35]} O-O {[%clk 0:15:37]}
6. Nc3 {[%clk 0:15:42]} dxc4 {[%clk 0:15:13]} 7. Ne5 {[%clk 0:15:50]} Nc6
{[%clk 0:15:21]} 8. Bxc6 {[%clk 0:15:54]} bxc6 {[%clk 0:15:30]} 9. Nxc6
{[%clk 0:16:02]} Qe8 {[%clk 0:15:38]} 10. Nxe7+ {[%clk 0:16:10]} Qxe7
{[%clk 0:15:47]} 11. Qa4 {[%clk 0:16:11]} c5 {[%clk 0:15:35]} 12. dxc5
{[%clk 0:16:17]} Qxc5 {[%clk 0:15:44]} 13. Be3 {[%clk 0:16:21]} Qc7
{[%clk 0:15:51]} 14. O-O-O {[%clk 0:16:24]} Ng4 {[%clk 0:15:23]} 15. Rd4
{[%clk 0:16:18]} Nxe3 {[%clk 0:13:26]} 16. fxe3 {[%clk 0:16:26]} Rb8
{[%clk 0:13:33]} 17. Rhd1 {[%clk 0:15:33]} Qb6 {[%clk 0:13:09]} 18. Qa3
{[%clk 0:14:09]} Bb7 {[%clk 0:05:36]} 19. Qd6 {[%clk 0:10:54]} Rfc8
{[%clk 0:05:15]} 20. R1d2 {[%clk 0:07:45]} Qxd6 {[%clk 0:04:25]} 21. Rxd6
{[%clk 0:07:54]} Bc6 {[%clk 0:04:34]} 22. R2d4 {[%clk 0:07:06]} Be8
{[%clk 0:04:38]} 23. Kc2 {[%clk 0:07:14]} Kf8 {[%clk 0:04:26]} 24. Ne4
{[%clk 0:06:31]} Bb5 {[%clk 0:03:33]} 25. Kc3 {[%clk 0:05:43]} Ke7
{[%clk 0:03:31]} 26. Ng5 {[%clk 0:05:51]} Rc7 {[%clk 0:02:59]} 27. Rd2
{[%clk 0:04:37]} Rc5 {[%clk 0:01:39]} 28. Nf3 {[%clk 0:04:23]} Bc6
{[%clk 0:01:40]} 29. R6d4 {[%clk 0:04:04]} Rb6 {[%clk 0:01:41]} 30. Ne1
{[%clk 0:01:17]} Ra5 {[%clk 0:01:29]} 31. Rxc4 {[%clk 0:00:51]} Rxa2
{[%clk 0:01:27]} 32. Nd3 {[%clk 0:01:00]} Ra1 {[%clk 0:01:11]} 33. e4 a5
{[%clk 0:00:21]} 34. e5 {[%clk 0:00:29]} g5 {[%clk 0:00:24]} 35. h4
{[%clk 0:00:20]} h6 {[%clk 0:00:33]} 36. hxg5 {[%clk 0:00:16]} hxg5 37. Kd4
{[%clk 0:00:17]} Be8 {[%clk 0:00:29]} 38. Rc7+ {[%clk 0:00:17]} Kf8
{[%clk 0:00:38]} 39. Rc8 {[%clk 0:00:26]} Ra4+ {[%clk 0:00:22]} 40. Ke3
{[%clk 0:00:35]} Rc6 {[%clk 0:00:27]} 41. Rb8 {[%clk 0:00:29]} Ke7
{[%clk 0:00:27]} 42. Rb7+ {[%clk 0:00:37]} Kf8 {[%clk 0:00:36]} 43. Rb8
{[%clk 0:00:45]} Ke7 {[%clk 0:00:44]} 44. Rb7+ {[%clk 0:00:15]} Kf8
{[%clk 0:00:52]} 45. Rb8 {[%clk 0:00:14]} 1/2-1/2

[Event "Russian Championship (Rapid, Men)"]
[Site "Sochi"]
[Date "2018.10.06"]
[Round "10.5"]
[White "Grachev, Boris"]
[Black "Ponkratov, Pavel"]
[Result "1-0"]
[BlackElo "2708"]
[WhiteElo "2667"]
[LiveChessVersion "1.4.8"]

1. d4 {[%clk 0:15:18]} d5 {[%clk 0:15:12]} 2. Bf4 {[%clk 0:15:19]} c5
{[%clk 0:15:19]} 3. e3 {[%clk 0:15:23]} Nc6 {[%clk 0:15:27]} 4. c3
{[%clk 0:15:31]} Nf6 {[%clk 0:15:30]} 5. Nd2 {[%clk 0:15:35]} Bf5
{[%clk 0:15:13]} 6. Ngf3 {[%clk 0:15:38]} e6 {[%clk 0:15:20]} 7. Nh4
{[%clk 0:15:43]} Bg4 {[%clk 0:15:17]} 8. Qb3 {[%clk 0:15:51]} Qc8
{[%clk 0:15:10]} 9. h3 {[%clk 0:15:56]} Bh5 {[%clk 0:15:18]} 10. g4
{[%clk 0:16:05]} Bg6 {[%clk 0:15:18]} 11. Nxg6 {[%clk 0:16:05]} hxg6
{[%clk 0:15:36]} 12. Bg2 Be7 {[%clk 0:15:34]} 13. O-O {[%clk 0:16:16]} O-O
{[%clk 0:15:37]} 14. Rfe1 {[%clk 0:16:15]} Qd7 {[%clk 0:14:35]} 15. Rad1
{[%clk 0:16:01]} Bd6 {[%clk 0:14:14]} 16. Bxd6 {[%clk 0:13:11]} Qxd6
{[%clk 0:14:23]} 17. Qa3 {[%clk 0:13:20]} Rfd8 {[%clk 0:13:50]} 18. Qxc5
{[%clk 0:13:00]} Qxc5 {[%clk 0:13:59]} 19. dxc5 {[%clk 0:13:08]} Ne5
{[%clk 0:14:03]} 20. Nf3 {[%clk 0:11:18]} Nxf3+ {[%clk 0:14:03]} 21. Bxf3
{[%clk 0:10:41]} Rac8 {[%clk 0:14:08]} 22. c4 {[%clk 0:10:41]} Rxc5
{[%clk 0:14:08]} 23. cxd5 {[%clk 0:10:48]} exd5 {[%clk 0:14:17]} 24. g5
{[%clk 0:10:38]} Ne8 {[%clk 0:13:50]} 25. b4 {[%clk 0:09:58]} Rb5
{[%clk 0:13:50]} 26. a3 {[%clk 0:09:56]} Nc7 {[%clk 0:13:52]} 27. Rd2
{[%clk 0:08:36]} Kf8 {[%clk 0:13:37]} 28. h4 {[%clk 0:08:09]} Rb6
{[%clk 0:12:04]} 29. Rc1 {[%clk 0:07:09]} Rc6 {[%clk 0:12:00]} 30. Rxc6
{[%clk 0:05:46]} bxc6 {[%clk 0:12:09]} 31. Rc2 {[%clk 0:05:55]} Rd6
{[%clk 0:12:18]} 32. a4 {[%clk 0:06:04]} Ne6 {[%clk 0:11:52]} 33. Kg2
{[%clk 0:03:48]} Ke7 {[%clk 0:11:54]} 34. Kg3 {[%clk 0:03:57]} Kd7
{[%clk 0:10:27]} 35. b5 {[%clk 0:03:11]} cxb5 {[%clk 0:09:40]} 36. axb5
{[%clk 0:03:20]} Nc7 {[%clk 0:09:41]} 37. Bg4+ {[%clk 0:02:54]} Kd8
{[%clk 0:09:50]} 38. Be2 {[%clk 0:02:51]} a6 {[%clk 0:09:08]} 39. bxa6
{[%clk 0:02:42]} Nxa6 {[%clk 0:09:17]} 40. Bxa6 {[%clk 0:01:30]} Rxa6
{[%clk 0:09:26]} 41. Rd2 {[%clk 0:01:39]} Rd6 {[%clk 0:09:34]} 42. e4
{[%clk 0:01:32]} d4 43. e5 {[%clk 0:01:14]} Rd5 {[%clk 0:08:50]} 44. f4
{[%clk 0:00:35]} Ke7 {[%clk 0:08:56]} 45. Kf3 {[%clk 0:00:44]} Rd8
{[%clk 0:08:58]} 46. Ke4 {[%clk 0:00:43]} Rh8 {[%clk 0:09:06]} 47. Rh2
{[%clk 0:00:47]} Ke6 {[%clk 0:08:46]} 48. Rh3 {[%clk 0:00:41]} Rd8
{[%clk 0:08:33]} 49. Ra3 {[%clk 0:00:29]} d3 {[%clk 0:06:57]} 50. Rxd3
{[%clk 0:00:38]} Rxd3 {[%clk 0:07:06]} 51. Kxd3 {[%clk 0:00:47]} Kf5
{[%clk 0:07:16]} 52. Ke3 {[%clk 0:00:53]} Kg4 {[%clk 0:07:24]} 53. Ke4
{[%clk 0:00:37]} Kxh4 {[%clk 0:07:32]} 54. Kf3 {[%clk 0:00:43]} Kh3
{[%clk 0:07:11]} 55. f5 {[%clk 0:00:48]} gxf5 56. g6 fxg6 {[%clk 0:07:16]} 57. e6
{[%clk 0:00:56]} g5 {[%clk 0:07:25]} 58. e7 {[%clk 0:01:05]} g4+ {[%clk 0:07:34]}
59. Ke2 {[%clk 0:00:53]} f4 {[%clk 0:07:31]} 60. e8=Q {[%clk 0:00:57]} Kg2
{[%clk 0:07:40]} 61. Qe4+ {[%clk 0:00:50]} Kg3 {[%clk 0:07:39]} 62. Qe5
{[%clk 0:00:51]} g5 {[%clk 0:07:46]} 63. Qxg5 {[%clk 0:00:52]} 1-0

[Event "Russian Championship (Rapid, Men)"]
[Site "Sochi"]
[Date "2018.10.06"]
[Round "10.6"]
[White "Matlakov, Maxim"]
[Black "Rozum, Ivan"]
[Result "1-0"]
[BlackElo "2612"]
[WhiteElo "2678"]
[LiveChessVersion "1.4.8"]

1. c4 {[%clk 0:14:55]} Nf6 {[%clk 0:14:58]} 2. Nc3 {[%clk 0:15:02]} c5
{[%clk 0:14:57]} 3. Nf3 {[%clk 0:15:04]} e6 {[%clk 0:14:15]} 4. e3
{[%clk 0:15:12]} Nc6 {[%clk 0:14:09]} 5. d4 {[%clk 0:15:18]} d5 {[%clk 0:14:12]}
6. cxd5 {[%clk 0:15:11]} Nxd5 {[%clk 0:14:09]} 7. Bd3 {[%clk 0:15:18]} Be7
{[%clk 0:14:07]} 8. O-O {[%clk 0:15:10]} O-O {[%clk 0:14:04]} 9. Qe2
{[%clk 0:15:18]} b6 {[%clk 0:13:15]} 10. Rd1 {[%clk 0:14:30]} cxd4
{[%clk 0:12:01]} 11. exd4 {[%clk 0:14:28]} Nf6 {[%clk 0:11:22]} 12. a3
{[%clk 0:14:04]} Bb7 {[%clk 0:11:30]} 13. Bc2 {[%clk 0:13:17]} a6
{[%clk 0:11:13]} 14. Bg5 {[%clk 0:13:19]} Re8 {[%clk 0:10:21]} 15. Qd3
{[%clk 0:11:59]} g6 {[%clk 0:10:24]} 16. h4 {[%clk 0:12:06]} b5 {[%clk 0:10:17]}
17. Rac1 {[%clk 0:08:50]} Rc8 {[%clk 0:10:08]} 18. Bb1 {[%clk 0:08:53]} Na5
{[%clk 0:09:11]} 19. Ne5 {[%clk 0:08:56]} Nc4 {[%clk 0:09:15]} 20. Qe2
{[%clk 0:08:08]} Nd5 {[%clk 0:09:15]} 21. Ne4 {[%clk 0:07:50]} Ndb6
{[%clk 0:06:00]} 22. b3 {[%clk 0:02:51]} Bxe4 {[%clk 0:03:58]} 23. Bxe4
{[%clk 0:02:51]} Bxg5 {[%clk 0:03:55]} 24. hxg5 {[%clk 0:02:33]} Nxe5
{[%clk 0:04:02]} 25. Rxc8 {[%clk 0:02:40]} Nxc8 {[%clk 0:04:09]} 26. dxe5
{[%clk 0:02:49]} Qxg5 {[%clk 0:04:16]} 27. Bb7 {[%clk 0:02:56]} Ne7
{[%clk 0:03:48]} 28. Bxa6 {[%clk 0:03:04]} Rb8 {[%clk 0:02:55]} 29. Bxb5
{[%clk 0:02:53]} Nd5 {[%clk 0:03:03]} 30. Bc4 {[%clk 0:02:57]} Nc3
{[%clk 0:02:06]} 31. Qd2 {[%clk 0:03:06]} Qxe5 {[%clk 0:02:13]} 32. Re1
{[%clk 0:03:10]} Qf6 {[%clk 0:02:20]} 33. a4 {[%clk 0:02:22]} Rd8
{[%clk 0:02:26]} 34. Qb2 {[%clk 0:02:18]} Qd4 {[%clk 0:01:45]} 35. a5
{[%clk 0:02:11]} Nb5 {[%clk 0:00:19]} 36. Qxd4 {[%clk 0:00:53]} Nxd4
{[%clk 0:00:28]} 37. Re5 {[%clk 0:01:01]} Rb8 {[%clk 0:00:27]} 38. a6
{[%clk 0:01:07]} Nxb3 {[%clk 0:00:29]} 39. Rb5 {[%clk 0:01:15]} 1-0

[Event "Russian Championship (Rapid, Men)"]
[Site "Sochi"]
[Date "2018.10.06"]
[Round "10.7"]
[White "Demchenko, Anton"]
[Black "Alekseev, Evgeny"]
[Result "1-0"]
[BlackElo "2655"]
[WhiteElo "2620"]
[LiveChessVersion "1.4.8"]

1. e4 {[%clk 0:15:18]} c5 {[%clk 0:15:18]} 2. Nf3 {[%clk 0:15:10]} e6
{[%clk 0:15:25]} 3. g3 {[%clk 0:15:18]} Nc6 {[%clk 0:15:24]} 4. Bg2
{[%clk 0:15:27]} Nf6 {[%clk 0:15:15]} 5. Qe2 {[%clk 0:15:35]} e5 {[%clk 0:15:14]}
6. O-O {[%clk 0:15:41]} Be7 {[%clk 0:15:18]} 7. d3 {[%clk 0:15:48]} O-O
{[%clk 0:15:01]} 8. Na3 {[%clk 0:15:57]} d6 {[%clk 0:14:52]} 9. Nc4
{[%clk 0:15:49]} Re8 {[%clk 0:14:19]} 10. Bg5 {[%clk 0:13:03]} h6
{[%clk 0:13:48]} 11. Bxf6 {[%clk 0:13:04]} Bxf6 {[%clk 0:13:57]} 12. Ne3
{[%clk 0:13:05]} Be6 {[%clk 0:13:48]} 13. Nd2 {[%clk 0:13:07]} g6
{[%clk 0:12:27]} 14. c3 {[%clk 0:13:13]} Bg7 {[%clk 0:11:08]} 15. f4
{[%clk 0:12:49]} exf4 {[%clk 0:10:15]} 16. gxf4 {[%clk 0:12:57]} d5
{[%clk 0:07:56]} 17. f5 {[%clk 0:12:06]} gxf5 {[%clk 0:08:05]} 18. exf5
{[%clk 0:11:32]} Bd7 {[%clk 0:07:01]} 19. Qf2 {[%clk 0:10:22]} d4
{[%clk 0:06:24]} 20. Nd5 {[%clk 0:10:28]} Re5 {[%clk 0:05:24]} 21. f6
{[%clk 0:09:08]} Bf8 {[%clk 0:05:26]} 22. Rae1 {[%clk 0:07:48]} Kh8
{[%clk 0:03:02]} 23. c4 {[%clk 0:04:28]} Rg5 {[%clk 0:02:48]} 24. Kh1
{[%clk 0:03:43]} Ne5 {[%clk 0:02:51]} 25. Be4 {[%clk 0:02:56]} Be6
{[%clk 0:02:48]} 26. Rg1 {[%clk 0:02:21]} Ng4 {[%clk 0:01:41]} 27. Qh4
{[%clk 0:02:17]} Qd6 {[%clk 0:00:38]} 28. Bf3 {[%clk 0:00:44]} Bxd5
{[%clk 0:00:42]} 29. cxd5 {[%clk 0:00:38]} Qf4 {[%clk 0:00:47]} 30. Re2
{[%clk 0:00:21]} 1-0

[Event "Russian Championship (Rapid, Men)"]
[Site "Sochi"]
[Date "2018.10.06"]
[Round "10.8"]
[White "Timofeev, Artyom"]
[Black "Sarana, Alexey"]
[Result "1/2-1/2"]
[BlackElo "2612"]
[WhiteElo "2636"]
[LiveChessVersion "1.4.8"]

1. Nf3 {[%clk 0:15:17]} Nf6 {[%clk 0:15:19]} 2. g3 {[%clk 0:15:17]} d5
{[%clk 0:15:27]} 3. Bg2 {[%clk 0:15:24]} g6 {[%clk 0:15:36]} 4. d4
{[%clk 0:15:28]} c6 {[%clk 0:15:43]} 5. O-O {[%clk 0:15:32]} Bg7 {[%clk 0:15:52]}
6. Nbd2 {[%clk 0:15:30]} O-O {[%clk 0:15:59]} 7. Re1 {[%clk 0:15:37]} Bf5
{[%clk 0:15:59]} 8. Nh4 {[%clk 0:15:39]} Be6 {[%clk 0:16:07]} 9. c3
{[%clk 0:15:42]} Nbd7 {[%clk 0:16:12]} 10. h3 {[%clk 0:15:13]} a5
{[%clk 0:15:35]} 11. Nhf3 {[%clk 0:14:59]} h6 {[%clk 0:15:31]} 12. a4
{[%clk 0:15:07]} Ne4 {[%clk 0:14:58]} 13. Qb3 {[%clk 0:13:32]} Nd6
{[%clk 0:15:00]} 14. Nf1 {[%clk 0:13:14]} Qb6 {[%clk 0:14:45]} 1/2-1/2

[Event "Russian Championship (Rapid, Men)"]
[Site "Sochi"]
[Date "2018.10.06"]
[Round "10.9"]
[White "Esipenko, Andrey"]
[Black "Paravyan, David"]
[Result "1/2-1/2"]
[BlackElo "2630"]
[WhiteElo "2605"]
[LiveChessVersion "1.4.8"]

1. d4 {[%clk 0:15:18]} d5 {[%clk 0:14:46]} 2. Nf3 {[%clk 0:15:25]} Nf6
{[%clk 0:14:55]} 3. Bf4 {[%clk 0:15:33]} c5 {[%clk 0:15:00]} 4. e3
{[%clk 0:15:41]} Nc6 {[%clk 0:15:07]} 5. Nbd2 {[%clk 0:15:49]} cxd4
{[%clk 0:15:15]} 6. exd4 {[%clk 0:15:58]} Bg4 {[%clk 0:15:23]} 7. c3
{[%clk 0:16:00]} e6 {[%clk 0:15:32]} 8. Qb3 {[%clk 0:16:01]} Bd6 {[%clk 0:14:59]}
9. Bg3 {[%clk 0:14:47]} Qc7 {[%clk 0:14:27]} 10. Bd3 {[%clk 0:14:53]} O-O
{[%clk 0:14:35]} 11. O-O {[%clk 0:14:57]} Bxg3 {[%clk 0:14:22]} 12. hxg3
{[%clk 0:15:06]} Bf5 {[%clk 0:14:01]} 13. Bxf5 {[%clk 0:14:28]} exf5
{[%clk 0:14:10]} 14. Rfe1 {[%clk 0:14:37]} Rfe8 {[%clk 0:14:19]} 15. Rxe8+
{[%clk 0:14:33]} Rxe8 {[%clk 0:14:27]} 16. Re1 {[%clk 0:14:39]} Re6
{[%clk 0:14:07]} 17. Rxe6 {[%clk 0:13:52]} fxe6 {[%clk 0:14:16]} 18. Ne1
{[%clk 0:14:00]} Na5 {[%clk 0:11:16]} 19. Qa4 {[%clk 0:13:39]} a6
{[%clk 0:11:12]} 20. Nd3 {[%clk 0:13:41]} Nd7 {[%clk 0:09:49]} 21. Nc5
{[%clk 0:10:29]} Nf6 {[%clk 0:08:07]} 22. Nf3 {[%clk 0:08:35]} h6
{[%clk 0:07:50]} 23. Ne5 {[%clk 0:07:48]} Qb6 {[%clk 0:07:19]} 24. Ned7
{[%clk 0:06:11]} Nxd7 {[%clk 0:06:32]} 25. Qxd7 {[%clk 0:06:11]} Qc6
{[%clk 0:06:04]} 26. Qe7 {[%clk 0:06:13]} 1/2-1/2